| 000 | 00688nam a2200265Ia 4500 | ||
|---|---|---|---|
| 001 | 33135 | ||
| 005 | 20240114001635.0 | ||
| 007 | ta | ||
| 008 | 061208s1964 g b000 u 465 u | ||
| 040 | _aCotton College,Assam | ||
| 041 | _a465 | ||
| 082 |
_a891.224 _bK 124 M |
||
| 100 | _aKalidas, . | ||
| 245 | 0 |
_aMalabikagnimitra / _cKalidas. _hTextual Documents |
|
| 250 | _a1st ed. / | ||
| 260 |
_aVaranasi : _bIndological Book House , _c1964. |
||
| 300 |
_a151p. ; _c22cm. |
||
| 653 | _aSanskrit drama | ||
| 653 | _aSanskrit literature-Classical | ||
| 653 | _aMS-Sanskrit | ||
| 700 | _aTawney, C.H. . | ||
| 942 |
_2ddc _cBK |
||
| 999 |
_c33117 _d33117 |
||